书目信息 |
| 题名: |
Top Sales张淡生的创意行销
|
|
| 作者: | 张淡生 , 吴锦珠 著 | |
| 分册: | ||
| 出版信息: | 北京 团结出版社 2003.01 |
|
| 页数: | 23, 218页 | |
| 开本: | 20cm | |
| 丛书名: | 财经时代 | |
| 单 册: | ||
| 中图分类: | F840.4 | |
| 科图分类: | ||
| 主题词: | 保险业务--bao xian ye wu--推销--经验 | |
| 电子资源: | ||
| ISBN: | 7-80130-667-8 | |
| 000 | 01113nam 2200277 450 | |
| 001 | 012008669453 | |
| 005 | 20180523095151.76 | |
| 010 | @a7-80130-667-8@dCNY16.00 | |
| 100 | @a20080423d2003 km y0chiy0120 ea | |
| 101 | 0 | @achi |
| 102 | @aCN@b110000 | |
| 105 | @aa b 000yy | |
| 200 | 1 | @aTop Sales张淡生的创意行销@ATop Sales zhang dan sheng de chuang yi xing xiao@e超速成功50招@f张淡生, 吴锦珠著@Fzhang dan sheng,wu jin zhu zhu |
| 210 | @a北京@c团结出版社@d2003.01 | |
| 215 | @a23, 218页@c图@d20cm | |
| 225 | 2 | @a财经时代@Acai jing shi dai |
| 306 | @a台北时报文化出版企业股份有限公司授权出版 | |
| 330 | @a作者是台湾保险业的天王巨星,他在本书中提供了销售人员成功推销的观念、领域、技巧与进阶方法,用了很多亲身经验,并举了五十个实际成交的例子,或以动人的故事,说明人与人之间起共鸣的过程。 | |
| 410 | 0 | @12001 @a财经时代 |
| 517 | 1 | @a超速成功50招@Achao su cheng gong 50 zhao |
| 606 | 0 | @a保险业务@Abao xian ye wu@x推销@x经验 |
| 690 | @aF840.4@v4 | |
| 701 | 0 | @a张淡生@Azhang dan sheng@4著 |
| 701 | 0 | @a吴锦珠@Awu jin zhu@4著 |
| 801 | 0 | @aCN@bQSSK@c20080423 |
| 905 | @b20702785-87@dF840.4@eZ096@f3 | |
| Top Sales张淡生的创意行销:超速成功50招/张淡生, 吴锦珠著.-北京:团结出版社,2003.01 |
| 23, 218页:图;20cm.-(财经时代) |
| ISBN 7-80130-667-8:CNY16.00 |
| 作者是台湾保险业的天王巨星,他在本书中提供了销售人员成功推销的观念、领域、技巧与进阶方法,用了很多亲身经验,并举了五十个实际成交的例子,或以动人的故事,说明人与人之间起共鸣的过程。 |
| ● |
| 相关链接 |
|
|
|
正题名:Top Sales张淡生的创意行销
索取号:F840.4/Z096
 
预约/预借
| 序号 | 登录号 | 条形码 | 馆藏地/架位号 | 状态 | 备注 |
| 1 | 0026904 | 200269048 | 社科库409/409社科库 55排2列2层/ [索取号:F840.4/Z096] | 在馆 | |
| 2 | 702785 | 207027858 | 社科库409/409社科库 55排2列2层/ [索取号:F840.4/Z096] | 在馆 | |
| 3 | 702787 | 207027876 | 社科库409/409社科库 55排2列2层/ [索取号:F840.4/Z096] | 在馆 |